Introducción a la serigrafía /
Guardado en:
| Autor Principal: | |
|---|---|
| Formato: | Libro |
| Publicado: |
Barcelona :
Cedel,
1959
|
| Materias: | |
| Etiquetas: |
Agregar Etiqueta
Sin Etiquetas, Sea el primero en etiquetar este registro!
|
| LEADER | 00470nam a22001695a 4500 | ||
|---|---|---|---|
| 001 | CEM.cems002156 | ||
| 005 | 20060216000000.0 | ||
| 008 | 130507s1959##################000#0#####d | ||
| 003 | CEMS | ||
| 082 | 0 | 4 | |a 745.7 |
| 100 | 1 | |a Dubuit, L. | |
| 245 | 1 | 0 | |a Introducción a la serigrafía / |
| 260 | |a Barcelona : |b Cedel, |c 1959 | ||
| 300 | |a 33 p. | ||
| 505 | 0 | |a Proceso de fabricación; decoración. | |
| 653 | |a Serigrafia | ||
| 859 | |a CEMS |b BIB. CEMS - 11 de abril |h 745.7 |i D854 |p 12633.83 |t Ej.1 | ||
